Powers - boygenius (Lyrics) - Statistics

General Stats
  • This quiz has been taken 30 times
  • The average score is 115 of 145
Answer Stats
Answer % Correct
did
100%
Did
100%
How
100%
how
100%
(How
100%
I
100%
it
100%
nuclear
100%
of
100%
reactor?
100%
start?
100%
a
92%
A
92%
an
92%
another
92%
be
92%
fall
92%
got
92%
have
92%
heard
92%
heard)
92%
in
92%
is
92%
is)
92%
Just
92%
my
92%
never
92%
(Never
92%
or
92%
Or
92%
powers
92%
tale
92%
the
92%
The
92%
alien
85%
am
85%
been
85%
Either
85%
failed
85%
into
85%
no
85%
On
85%
on
85%
to
85%
universe's
85%
way
85%
comet
77%
experiments?
77%
simply
77%
somethin'
77%
Thrust
77%
worse
77%
along
69%
bein'
69%
burned
69%
our
69%
out
69%
seen
69%
tail
69%
with
69%
wonderin'
69%
acid
62%
body
62%
Dissolvin'
62%
gutter
62%
hostile
62%
impact
62%
instant
62%
light
62%
matter
62%
movement
62%
object
62%
orbit
62%
roach
62%
skin
62%
supercollider
62%
There's
62%
tunnel
62%
up
62%
after
54%
ambassador?
54%
and
54%
careenin'
54%
collisions
54%
comes
54%
Crawl
54%
crooked
54%
destruction
54%
gets
54%
hum
54%
little
54%
trajectory
54%
whatever
54%
before
46%
flashin'
46%
force
46%
scattered
46%
sound
46%
eye
38%
fission
38%
his
38%
Life
38%
contact
31%
No matching quizzes found
Score Distribution
Percent of People with Each Score
Percentile by Number Answered
Your Score History
You have not taken this quiz